000 00661nam a2200229 a 4500
001 69868
003 BD-RjUL
005 20211209081932.0
008 170415s1963 maua 001 0 eng
035 _a(BD-RjUL)70080
040 _aDLC
_cCarP
_dDLC
_dBD-RjUL
_beng
041 _aeng
082 _223
_a512
_bHIA 1963
100 1 _aHillman, Abraham P.
_9206926
245 1 0 _aAlgebra and trigonometry /
_cAbraham P Hillman; Gerald L Alexanderson
260 _aBoston :
_bAllyn and Bacon,
_c1963.
300 _a514 p. :
_bill. ;
_c24 cm.
500 _aIncludes index
650 0 _aAlgebra.
_9206927
700 1 _aAlexanderson, Gerald L.
_9206928
942 _2ddc
_cBK
999 _c69868
_d69868